000 01256cam a2200349 a 4500
001 16710984
005 20170105102920.0
008 101227s2011 ii g b 101 0 eng d
010 _a 2011321389
020 _a9788182744981
025 _aI-E-2011-321389; 61-90
035 _a(OCoLC)ocn695846646
035 _a(OCoLC)695846646
037 _aLibrary of Congress -- New Delhi Overseas Office
040 _aDKAGE
_beng
_cDKAGE
_dDLC
042 _alccopycat
_alcode
043 _aa-ii---
050 0 0 _aDS481.G3
_bG21675 2008
082 0 4 _a954.035092
_222
245 0 0 _aGandhi :
_bpractical idealism and strategies of inclusion /
_cedited by M.P. Dube.
260 _aNew Delhi :
_bPentagon Press,
_c2011.
300 _axvi, 360 p. ;
_c25 cm.
504 _aIncludes bibliographical references (p. [351]-354) and index.
520 _aPapers presented at a national seminar held at Allahabad in September 2008.
600 1 0 _aGandhi,
_cMahatma,
_d1869-1948
_xPolitical and social views
_vCongresses.
650 0 _aAhimsa
_vCongresses.
650 0 _aNonviolence
_vCongresses.
700 1 _aDube, M. P.
906 _a7
_bcbc
_ccopycat
_d3
_encip
_f20
_gy-gencatlg
942 _2ddc
_cBK
999 _c15528
_d15528